000 00555cam a2200169 i 4500
005 20251207105807.0
008 250721r1995 le gr 000 0 ara d
082 1 4 _a214.61
_bج ي ل
100 1 _aالجيلاني، عبد القادر
_eمؤلف.
245 1 0 _aشرح فتوح الغيب /
_cتاليف عبد القادر الجيلاني.
264 3 1 _aبيروت :
_bدار القادري،
_c1995.
300 _a201صفحة.
650 1 7 _aالإيمان.
650 1 7 _aالقضاء و القدر.
942 _2ddc
_cBK
999 _c78855
_d78855